009610000a22003490004500500004400000650001400044650002200058650002300080650001600103650002900119650001200148651001000160651002500170082002200195518001100217530000800228100002700236100002300263100001700286100001900303100002000322100001900342100001900361100001900380100002200399100001700421245011000438260002900548260000900577041000800586300001700594 aBibliography at the end of each chapter aHydrology aHydrological data aWater conservation aWater power aEnergy Electric currents aManuals aNepal aHindu Kush-Himalayas a333.914bJ953mcN a980220 aRep aJunejo, Anwar A. comp. aGrongstad, Steinar aHarvey, Adam aKharel, Girish aJoshi, Rajendra aPandey, Bikash aLeane, Michael aNafgiger, Dale aRanjitkar, Siddhi aKarim, Zatar aA manual of private and community-based mini and micro hydropower development in the Hindu Kush-Himalayas aKathmandubICIMOD, Nepal c1997 aEng a125p.billus